<?xml version="1.0" encoding="UTF-8"?>
<record
    xmlns:xsi="http://www.w3.org/2001/XMLSchema-instance"
    xsi:schemaLocation="http://www.loc.gov/MARC21/slim http://www.loc.gov/standards/marcxml/schema/MARC21slim.xsd"
    xmlns="http://www.loc.gov/MARC21/slim">

  <leader>01193cam a2200313 i 4500</leader>
  <controlfield tag="001">zz2005972044</controlfield>
  <controlfield tag="003">NUKAT</controlfield>
  <controlfield tag="005">20260422184827.0</controlfield>
  <controlfield tag="008">050715s1924    pl           |000 0 pol c</controlfield>
  <datafield tag="035" ind1=" " ind2=" ">
    <subfield code="a">(OCoLC)749992767</subfield>
  </datafield>
  <datafield tag="035" ind1=" " ind2=" ">
    <subfield code="a">(NUKAT)zz2005972044</subfield>
  </datafield>
  <datafield tag="040" ind1=" " ind2=" ">
    <subfield code="a">LUBL M/mm</subfield>
    <subfield code="c">LUBL M/mm</subfield>
    <subfield code="d">LUBL M/JD</subfield>
    <subfield code="d">&#x141; U/ogs</subfield>
  </datafield>
  <datafield tag="100" ind1="1" ind2=" ">
    <subfield code="a">Frejlich, J&#xF3;zef</subfield>
    <subfield code="d">(1884-1976).</subfield>
    <subfield code="9">40406</subfield>
  </datafield>
  <datafield tag="245" ind1="1" ind2="0">
    <subfield code="a">Gospodarstwo samorz&#x105;dowe w by&#x142;ej dzielnicy pruskiej /</subfield>
    <subfield code="c">J&#xF3;zef Frejlich.</subfield>
  </datafield>
  <datafield tag="260" ind1=" " ind2=" ">
    <subfield code="a">Krak&#xF3;w :</subfield>
    <subfield code="b">nak&#x142;. Krakowskiej Sp&#xF3;&#x142;ki Wydawniczej,</subfield>
    <subfield code="c">1924</subfield>
    <subfield code="e">(Krak&#xF3;w :</subfield>
    <subfield code="f">Drukarnia Uniwersytetu Jagiello&#x144;skiego).</subfield>
  </datafield>
  <datafield tag="300" ind1=" " ind2=" ">
    <subfield code="a">109 s. ;</subfield>
    <subfield code="c">23 cm.</subfield>
  </datafield>
  <datafield tag="336" ind1=" " ind2=" ">
    <subfield code="a">Tekst</subfield>
    <subfield code="b">txt</subfield>
    <subfield code="2">rdacontent</subfield>
  </datafield>
  <datafield tag="337" ind1=" " ind2=" ">
    <subfield code="a">Bez urz&#x105;dzenia po&#x15B;rednicz&#x105;cego</subfield>
    <subfield code="b">n</subfield>
    <subfield code="2">rdamedia</subfield>
  </datafield>
  <datafield tag="338" ind1=" " ind2=" ">
    <subfield code="a">Wolumin</subfield>
    <subfield code="b">nc</subfield>
    <subfield code="2">rdacarrier</subfield>
  </datafield>
  <datafield tag="380" ind1=" " ind2=" ">
    <subfield code="a">Ksi&#x105;&#x17C;ki</subfield>
  </datafield>
  <datafield tag="504" ind1=" " ind2=" ">
    <subfield code="a">Bibliogr. s. 9-10.</subfield>
  </datafield>
  <datafield tag="650" ind1=" " ind2="7">
    <subfield code="a">Samorz&#x105;d terytorialny</subfield>
    <subfield code="2">DBN</subfield>
    <subfield code="9">36335</subfield>
  </datafield>
  <datafield tag="650" ind1=" " ind2="7">
    <subfield code="a">Samorz&#x105;d lokalny</subfield>
    <subfield code="z">Polska</subfield>
    <subfield code="z">Zab&#xF3;r pruski</subfield>
    <subfield code="y">1870-1914.</subfield>
    <subfield code="2">kaba</subfield>
    <subfield code="9">40407</subfield>
  </datafield>
  <datafield tag="651" ind1=" " ind2="7">
    <subfield code="a">Niemcy</subfield>
    <subfield code="2">DBN</subfield>
    <subfield code="9">35243</subfield>
  </datafield>
  <datafield tag="651" ind1=" " ind2="7">
    <subfield code="a">Zab&#xF3;r pruski</subfield>
    <subfield code="2">DBN</subfield>
    <subfield code="9">35237</subfield>
  </datafield>
  <datafield tag="651" ind1=" " ind2="7">
    <subfield code="a">Zab&#xF3;r pruski</subfield>
    <subfield code="x">sytuacja gospodarcza</subfield>
    <subfield code="y">1870-1914.</subfield>
    <subfield code="2">kaba</subfield>
    <subfield code="9">40408</subfield>
  </datafield>
  <datafield tag="658" ind1=" " ind2=" ">
    <subfield code="a">Polityka, politologia, administracja publiczna</subfield>
  </datafield>
  <datafield tag="942" ind1=" " ind2=" ">
    <subfield code="2">ddc</subfield>
    <subfield code="c">BK_NM</subfield>
  </datafield>
  <datafield tag="999" ind1=" " ind2=" ">
    <subfield code="c">27726</subfield>
    <subfield code="d">27726</subfield>
  </datafield>
  <datafield tag="952" ind1=" " ind2=" ">
    <subfield code="0">0</subfield>
    <subfield code="1">0</subfield>
    <subfield code="2">ddc</subfield>
    <subfield code="4">0</subfield>
    <subfield code="7">0</subfield>
    <subfield code="8">PBKH</subfield>
    <subfield code="a">BIP</subfield>
    <subfield code="b">PBKH</subfield>
    <subfield code="d">2026-04-22</subfield>
    <subfield code="e">K-69/1965</subfield>
    <subfield code="f">K</subfield>
    <subfield code="i">16425</subfield>
    <subfield code="l">0</subfield>
    <subfield code="o">16425</subfield>
    <subfield code="p">IPWK16650</subfield>
    <subfield code="r">2026-04-22 18:51:15</subfield>
    <subfield code="w">2026-04-22</subfield>
    <subfield code="y">BK_NM</subfield>
  </datafield>
</record>
